| 000 | 00566nam a2200205Ia 4500 | ||
|---|---|---|---|
| 003 | GCL | ||
| 008 | 140319s9999 xx 000 0 ara d | ||
| 040 |
_aGCL / _cGCL |
||
| 082 | 0 | 4 |
_a001.94 _bر م |
| 100 | 1 | _aراجى عنايت | |
| 245 | 1 | 0 |
_aمعنى الأحلام وغرائب آخرى / _cراجى عنايت |
| 300 | _a95 | ||
| 490 |
_aاغرب من الخيال _v0 |
||
| 650 | 0 | 4 | _aالاحلام |
| 650 | 0 | 4 | _aالخرافات |
| 650 | 0 | 4 | _aالعقل الباطن |
| 650 | 0 | 4 | _aالاخلاق - علم |
| 650 | 0 | 4 | _aالخيال |
| 942 |
_2ddc _cBK |
||
| 999 |
_c41361 _d41361 |
||